BIBLIOTHÈQUE DE LA MAISON DU MEXIQUE

Logo 1 Logo 2

Conquista y contraconquista (notice nᵒ 8183)

détails MARC
000 -Sello discográfico
campo de control de longitud fija 01315nam a2200325 4500
005 - Identificación de versión
campo de control 20251016084958.0
010 ## - Número Estándar Internacional de Libros (ISBN)
Número (ISBN) 968-12-0562-6
099 ## - fechas locales
Tipo de ítem Koha LIBRO
100 ## - Datos de procesamiento general
Datos de procesamiento general 20250407d1994 m y1spay5003 ba
105 ## - Campo de datos codificados: Material textual, monográfico
Datos codificados de monografía a 101zy
200 1# - Título y mención de responsabilidad
Título propio Conquista y contraconquista
Designación general del material texto impreso
Otra información del título la escritura del Nuevo Mundo
Primer mención de responsabilidad Edición Julio Ortega, José Amor y Vázquez
Declaración de responsabilidad subsiguiente colaboración Rafael Olea Franco
205 ## - Declaración de edición
Declaración de edición 1a ed
210 ## - Publicación, distribución, etc.
Lugar de publicación, distribución, etc. México
Nombre del editor, distribuidor, etc. El Colegio de México, Centro de Estudios Lingüísticos y Literarios
-- Brown University, Department of Hispanic Studies
Fecha de publicación, distribución, etc. 1994
215 ## - Descripción física
Designación de material específico y extensión del ítem 667 p
Otras características físicas il.
Dimensiones 22 cm
300 ## - Notas generales
Texto de la nota Actas del XXVIII Congreso del Instituto Internacional de Literatura Iberoamericana
345 ## - Nota de información de adquisición
Fuente de adquisición/dirección de la suscripción [OBSOLETO] Donación
606 ## - Término temático usado como materia
Elemento de entrada Español en Hispanoamérica
Subdivisión temática Escritura
-- Congresos
Número Koha 14025
606 ## - Término temático usado como materia
Elemento de entrada Literatura hispanoamericana
Subdivisión temática Congresos
Número Koha 13419
660 ## - Código de área geográfica
Código MX
702 ## - Nombre personal - Responsabilidad secundaria
Elemento de entrada Amor y Vázquez
Parte del nombre distinta del elemento de entrada José
Fechas 1921-2018
Número Koha 14026
702 ## - Nombre personal - Responsabilidad secundaria
Elemento de entrada Olea Franco
Parte del nombre distinta del elemento de entrada Rafael
Número Koha 5422
702 ## - Nombre personal - Responsabilidad secundaria
Elemento de entrada Ortega
Parte del nombre distinta del elemento de entrada Julio
Fechas 1942-
Número Koha 4478
801 ## - Fuente de origen
País FR
Agencia cm
Reglas de catalogación (convenciones descriptivas) AFNOR
900 ## -
-- 1/23742
900 ## -
-- 7100417642\080104
942 ## - ELEMENTOS DE ENTRADA SECUNDARIOS (KOHA)
Tipo de ítem Koha Livre
996 ## -
-- MEX
-- 751145101
-- MMAG
-- 012865
-- H860.63 C749 1990
-- 20250407LIV
Exemplaires
Estatus retirado Estado de daño Estado de pérdida Fecha de adquisición Biblioteca de origen Biblioteca actual Ubicación en estantería Código de barras Precio de reemplazo Signatura topográfica completa No para préstamo Tipo de ítem Koha Nota pública Nota no pública
      05/08/2025 Casa México Paris Casa México Paris   012865 05/08/2025 H860.63 C749 1990   Livre 20250407LIV 751145101